| 000 | 02938nam a2200289 a 4500 | ||
|---|---|---|---|
| 999 |
_c1375 _d1375 |
||
| 003 | AR-BaISA | ||
| 005 | 20230809175605.0 | ||
| 006 | a||||fr|||| 00| 0 | ||
| 007 | ta | ||
| 008 | 230809s2007 ag ||||f |||| 00| 0 spa d | ||
| 020 | _a9789871660018 | ||
| 040 |
_bspa _cAR-BaISA |
||
| 082 | 0 | 4 |
_222 _a150.195 D716 |
| 245 | 0 | 0 |
_aVariaciones de la clínica ambulatoria / _cAlicia Donghi y Osvaldo Rodríguez (comps.) ; con la colaboración de Liliana Vázquez; Prólogo de Osvaldo Delgado |
| 260 |
_aBuenos Aires: _bJCE Ediciones, _c2009 |
||
| 300 | _a[208] p. | ||
| 500 | _aLa edición de este título se realiza en cumplimiento del Convenido suscripto entre la Facultad de Psicología UBA y JCE Ediciones, cf. Resolución (C.D.) Nº 1553/04. (Nota de tapa) | ||
| 501 | _aComité editorial. Constituido conforme la citada resolución Profesor Lic. Virgilio Enzo Carriolo Profesora Lic. Alicia Noelia Cayssials Profesor D. Gustavo Eduardo González Profesor Dr. David Alberto Laznik Profesor Lic. Rodolfo Ubarri | ||
| 505 |
_tLA CLÍNICA DE SIEMPRE: _tLO DIFERENCIAL: _tAlicia Donghi / Lo diferencial -- _tAlicia Donghi / De la interrupción que es conclusión (un caso de prepsicosis) -- _tAlicia Donghi / Fobia, psicosis, perversión -- _tOsvaldo Rodríguez / Pulsión, fantasía, perversión y neurosis -- _tLA CURA: _tPensar el psicoanálisis / Osvaldo Rodríguez -- _tAlicia Donghi / Interpretación en "acto" -- _tAlicia Donghi / El sinsentido de la interpretación -- _tAlicia Donghi / La ética del psicoanálisis no es una etiqueta -- _tOsvaldo Rodríguez / El psicoanálisis, la cura de la transferencia -- _tOsvaldo Rodríguez / ¿Solo el fin de análisis produce un analista? -- _tLA CLÍNICA ACTUAL: _tOsvaldo Rodríguez / Subjetividad contemporánea: lecturas del malestar -- _tOsvaldo Rodríguez / Aquellos viejos nuevos síntomas -- _tLiliana Vázquez / Violencia y cuerpos. Algunas marcas de hoy -- _tDEL CONSUMO: _tAlicia Donghi / Hacia un clínica del consumo responsable -- _tAlicia Donghi / Las impulsiones y sus destinos (una clínica de la bulimia) -- _tAlicia Donghi / Freud y la cocina -- _tLiliana Vázquez / Ludopatías -- _tDEL CUERPO: _tAlicia Donghi / Ataque de pánico -- _tAlicia Donghi / Psicosomáticas -- _tLiliana Vázquez / Ciberespacio: ¿Hacia una sexualidad sin cuerpos? -- _tCLÍNICA EN LAS INSTITUCIONES: _tLiliana Vázquez / El síntoma de la adicción en las instituciones -- _tAlicia Donghi / Una cuestión preliminar a todo tratamiento posible de la supervisión. La supervisión hospitalaria -- _tAlicia Donghi / El "control": un límite lógico -- _tOsvaldo Rodríguez / La práctica de la supervisión |
||
| 650 | 1 | 4 |
_9141 _aPsicoanálisis |
| 650 | 1 | 4 |
_92645 _aPsicología clínica |
| 700 |
_92995 _aDonghi, Alicia _ecomp. |
||
| 700 |
_93002 _aRodríguez, Osvaldo _ecomp. |
||
| 700 |
_92997 _aVázquez, Liliana |
||
| 700 |
_93004 _aDelgado, Osvaldo _eprol. |
||
| 942 |
_2ddc _cLI _e22 |
||